| 000 | 00814nam a2200265 i 4500 | ||
|---|---|---|---|
| 001 | 150388 | ||
| 003 | ES-MaACL | ||
| 005 | 20230906203506.0 | ||
| 007 | t| | ||
| 008 | 071030s1982 sp ||||1| spa d | ||
| 020 | _a84-7057-319-5 | ||
| 080 | _a1 Nietzsche | ||
| 080 | _a28:1 | ||
| 100 | 1 |
_aValadier, Paul. _9112446 |
|
| 245 | 1 | 0 |
_aNietzsche y la crítica del cristianismo / _cPaul Valadier ; [traducido por Eloy Rodríguez Navarro]. |
| 260 |
_aMadrid : _bCristiandad, _c1982. |
||
| 300 |
_a575 p. ; _c21 cm. |
||
| 490 | 1 |
_aLibros Europa ; _v3 |
|
| 504 | _aBibliografía. Indices. | ||
| 600 | 1 | 4 |
_aNietzsche, Friedrich, _d1844-1900 _985718 |
| 700 | 1 |
_aRodríguez Navarro, Eloy. _998696 |
|
| 830 | 0 |
_aLibros Europa ; _v3 _9221137 |
|
| 852 |
_aES-MaACL _jL-11538 _bR.113418 |
||
| 999 |
_c150388 _d150388 |
||